000 00239nam a2200109Ia 4500
008 190216s9999||||xx |||||||||||||| ||und||
100 _aMukunthan.M
245 0 _aVeedu
260 _bCurrent Books
650 _aMalayalam Novel
942 _cBK
999 _c24076
_d24076